Responses for Show #6583 - Wednesday, April 10, 2013

Contestants

[<< previous game]

Greg Haroutunian, a law clerk from Montvale, New Jersey

Karla Stahl, a business manager from Odessa, Florida

Adam Holquist, an environmental engineer from Erie, Pennsylvania (whose 1-day cash winnings total $27,100)

[next game >>]

Jeopardy! Round responses

LIVING SOCIAL
LINKED IN
GROUP ON
"INSTA"GRAM
PINTEREST
WEBSITES
    $200 4
fringe

Adam
    $200 17
Pursuit

Adam
    $200 22
the Freemasons (or Masons)

Greg
    $200 12
instantaneous

Adam
    $200 3
Pinter pauses

Karla
    $200 1
fantasy football

Adam
    $400 8
glass ceiling

Karla
    $400 18
hit

Adam
    $400 23
the AMA (American Medical Association)

Karla
    $400 13
an instance

Karla
    $400 27
Henry VIII

Adam
    $400 2
Cyber Monday

Greg
    $600 9
alienation

Adam
    $600 19
baby

Triple Stumper
    $1,500 24
the NAACP

Karla
    $600 14
an installment plan

Adam
    $600 28
The French Lieutenant's Woman

Karla
    $600 5
Funny or Die

Adam
    $800 10
profane

Adam
    $800 20
contract

Adam
    $800 25
(Adam: What is NAFTA?)

the World Trade Organization

AdamGreg
    $800 15
instability

Adam
    $800 29
A, B & C

Karla
    $800 6
pollen

Adam
    $1000 11
The Conformist

Triple Stumper
    $1000 21
base

Triple Stumper
    $1000 26
the Catholic League

Karla
    $1000 16
(Greg: What is an installment?)

an installation

KarlaGreg
    $1000 30
The Handmaid's Tale

Triple Stumper
    $1000 7
Find a Grave

Triple Stumper

Scores at the first commercial break (after clue 15):

Adam Karla Greg
$4,800 $1,000 $400

Scores at the end of the Jeopardy! Round:

Adam Karla Greg
$5,800 $6,300 $400

Double Jeopardy! Round responses

GOVERNORS
MOVIE GUNS
PROVERBIAL 4-LETTER WORDS
RIVER UNDER THE BRIDGE
GIVING US THE TIME OF DAY
VLAD THE IMPALA
    $400 1
Mike Huckabee

Greg
    $400 15
Men in Black

Greg
    $400 11
(Karla: What is... first?)

last

AdamKarla
    $400 6
the Hudson River

Greg
    $400 20
an evening gown

Karla
    $400 23
antelopes

Adam
    $2,000 2
David Paterson

Greg
    $800 16
(Tony) Montana

Greg
    $800 12
(Adam: What is an inch?)

miss

Adam
Triple Stumper
    $800 7
the Seine

Adam
    $800 21
Dawn

Greg
    $800 27
(Karla: What is long jump?)

the high jump

AdamKarla
    $1200 3
(Huey) Long

Karla
    $1200 17
(Adam: What is Colt?)
(Greg: What is Remington?)

Smith & Wesson

AdamKarlaGreg
    $1200 13
liar

Karla
    $2,000 8
the Delaware

Adam
    $1200 24
Sunset

Karla
    $1200 28
Chevy

Adam
    $1600 4
Ann Richards

Adam
    $1600 18
Grindhouse

Adam
    $1600 14
(Karla: What is the vine?)

the bone

Karla
Triple Stumper
    $1600 9
the Ganges

Adam
    $1600 25
(Alex: I like the little pause before "delight".)

"Afternoon Delight"

Karla
    $1600 29
(Karla: What's a falcon?)

an eagle

KarlaGreg
    $2000 5
Tim Pawlenty

Greg
    $2000 22
(Adam: What is The Mexican?)

Desperado

Adam
Triple Stumper
    $2000 19
(Karla: What is envy?)
(Adam: What is life?)

wife

AdamKarla
Triple Stumper
    $2000 10
(Karla: What is the Saint Lawrence?)

the Detroit River

Karla
Triple Stumper
    $2000 26
Night

Adam
    $2000 30
Tanzania

Karla

Scores at the end of the Double Jeopardy! Round:

Adam Karla Greg
$12,200 $6,700 $7,600

[wagering suggestions for these scores]

Final Jeopardy! Round responses

19th CENTURY AUTHORS
(Alex: The correct response is [*] who created Alice in Wonderland.)
KarlaWho is Verne
$6,698
GregWho was Wilde
$7,598
AdamWho is Byron
$3,001
Lewis Carroll

Final scores:

Adam Karla Greg
$9,199 $2 $2
2-day champion: $36,299 3rd place: $1,000 2nd place: $2,000

Game dynamics:

Coryat scores:

Adam Karla Greg
$11,400 $5,800 $6,400
23 R
(including 1 DD),
5 W
16 R
(including 1 DD),
6 W
11 R
(including 1 DD),
2 W

Combined Coryat: $23,600

[game clues] [game scores] [suggest correction]

Game tape date: 2012-11-28
The J! Archive is created by fans, for fans. Scraping, republication, monetization, and malicious use prohibited; this site may use cookies and collect identifying information. See terms. The Jeopardy! game show and all elements thereof, including but not limited to copyright and trademark thereto, are the property of Jeopardy Productions, Inc. and are protected under law. This website is not affiliated with, sponsored by, or operated by Jeopardy Productions, Inc. Join the discussion at JBoard.tv.